| 000 | 01369nam0a2200313 4500 | ||
|---|---|---|---|
| 001 | RU\NLR\bibl\244429 | ||
| 005 | 20260406155319.0 | ||
| 010 |
_a5-89329-452-1 _91000 |
||
| 021 |
_aRU _b2001-65198 _93168 |
||
| 035 | _a(NLR Aleph) 000240291 | ||
| 090 |
_a1400305 _c1400305 |
||
| 100 | _a20020329d2001 |||y0rusy50 ca | ||
| 101 | 0 | _arus | |
| 102 | _aRU | ||
| 105 | _ac ||||||||| | ||
| 200 | 1 |
_a"Скворешниц вольных гражданин..." _eВячеслав Иванов: путь поэта между мирами _fС.С. Аверинцев |
|
| 210 |
_aСПб. _cАлетейя _d2001 |
||
| 215 |
_a167 с. _cпортр. _d17 |
||
| 320 | _aБиблиогр. в подстроч. примеч. | ||
| 600 | 1 |
_aИванов _bВ. И. _f1866 - 1949 _gВячеслав Иванович _9919528 _3RU\NLR\auth\6617854 |
|
| 686 | _aШ5(2=Р)53-4Иванов | ||
| 700 | 1 |
_4070 _8rus _7ca _aАверинцев _bС. С. _f1937-2004 _gСергей Сергеевич _3RU\NLR\auth\7733404 _916412 |
|
| 702 | 1 |
_4570 _8rus _7ca _aИванов _bВ. И. _cпоэт, переводчик _f1866-1949 _gВячеслав Иванович _3RU\NLR\auth\777565 _9117498 |
|
| 801 | 0 |
_aRU _bNLR _c20020329 _gPSBO |
|
| 801 | 1 |
_aRU _bNLR _c20020329 |
|
| 942 | _cBOOK | ||
| 980 | _aNB | ||